Introducing Qualitative Research in Psychology / Third Edition (Record no. 3044)
[ view plain ]
| 000 -LEADER | |
|---|---|
| fixed length control field | 01093cam a22002054a 4500 |
| 005 - ΗΜΕΡΟΜΗΝΙΑ ΚΑΙ ΩΡΑ ΤΕΛΕΥΤΑΙΑΣ ΕΝΗΜΕΡΩΣΗΣ | |
| Πεδίο ελέγχου | 20250605164103.0 |
| 008 - FIXED-LENGTH DATA ELEMENTS--GENERAL INFORMATION | |
| Πεδίο ελέγχου σταθερού μήκους | 250528s ||||||||||||||||||||||||d |
| 035 ## - SYSTEM CONTROL NUMBER | |
| System control number | 17642 |
| 020 ## - ISBN | |
| ISBN | 9780335244492 |
| 040 ## - ΠΗΓΗ ΚΑΤΑΛΟΓΟΓΡΑΦΗΣΗΣ | |
| Φορέας πρωτότυπης καταλογογράφησης | MC Athens Campus Library |
| Γλώσσα καταλογογράφησης | Ελληνικά, Μοντέρνα (1453-) |
| Modifying agency | MC Athens Campus Library |
| Κανόνες περιγραφικής καταλογογράφησης | AACR2 |
| 245 1# - ΤΙΤΛΟΣ ΚΑΙ ΔΗΛΩΣΗ ΥΠΕΥΘΥΝΟΤΗΤΑΣ | |
| Τίτλος | Introducing Qualitative Research in Psychology / Third Edition |
| 250 ## - EDITION STATEMENT | |
| Edition statement | 3st |
| 260 ## - PUBLICATION, DISTRIBUTION, ETC. | |
| Name of publisher, distributor, etc. | Mcgraw Hill Book Company, |
| Date of publication, distribution, etc. | 2013 |
| 300 ## - PHYSICAL DESCRIPTION | |
| Extent | 250 |
| 520 ## - SUMMARY, ETC. | |
| Summary, etc. | Acknowledgements, Conceptual Preparation, From Recipes to Adventures, Epistemological Bases for Qualitative Research, Qualitative Research Design and Data Collection, The Role of Interpretation, Putting Together a Research Proposal, Doing Research, Thematic Analysis, Grounded Theory Methodology, Phenomenological Methods, Case Studies, Discursive Psychology, Foucauldian Discourse Analysis, Narrative Psychology, Visual Methods, Reflections and Conclusions, Quality in Qualitative Research, Review and Conclusions: Where Next for Qualitative Psychology?, References, Index. |
| 700 1# - ΠΡΟΣΘΕΤΗ ΑΝΑΓΡΑΦΗ--ΦΥΣΙΚΟ ΠΡΟΣΩΠΟ | |
| Personal name | Willig Carla |
| 9 (RLIN) | 3830 |
| 942 ## - ADDED ENTRY ELEMENTS (KOHA) | |
| Koha item type | Books |
| Τύπος τεκμηρίου | Βιβλιοθήκη | Τρέχουσα τοποθεσία | Barcode | Αριθμός εισαγωγής | Ημερομηνία απόκτησης | Ταξιθετικό σύμβολο | Αριθμός αντιτύπου | Κατάσταση απόσυρσης | Κατάσταση χαμένου | Κατάσταση κατεστραμμένου | Μη δανεισμός | Σύνολο δανεισμών | Ημερομηνία τελευταίας εμφάνισης | Η τιμή ισχύει από |
|---|---|---|---|---|---|---|---|---|---|---|---|---|---|---|
| Books | MC Athens Campus Library | MC Athens Campus Library | 9780000030436 | 5974 | 05/06/2025 | 150.72 WIL | 1 | 05/06/2025 | 05/06/2025 |